Harry Potter Logic Puzzle #12 - Statistics

General Stats
  • This quiz has been taken 1,068 times
  • The average score is 7 of 15
Answer Stats
Item % Correct
Hog's Head
100%
Galleon
86%
Neville Longbottom
77%
Two sickles
59%
Dolores Umbridge
56%
Protean Charm
56%
Ernie MacMillan
44%
Stag
37%
The Disillusionment Charm
32%
Legilimency
29%
Mad-Eye
27%
Prefect's badge
25%
Wilhelmina Grubbly-Plank
23%
Occlumency
22%
Anthony Goldstein
18%
No matching quizzes found
Score Distribution
Percent of People with Each Score
Percentile by Number Answered
Your Score History
You have not taken this quiz